Countries with Red and White Flags - Statistics

General Stats
  • This quiz has been taken 420 times
  • The average score is 9 of 15
Answer Stats
Answer % Correct
Poland
92%
Indonesia
81%
Monaco
80%
Japan
73%
Austria
71%
Canada
65%
Denmark
65%
Singapore
56%
Switzerland
56%
Turkey
54%
Malta
49%
Tunisia
47%
Bahrain
46%
Georgia
43%
Tonga
41%
No matching quizzes found
Score Distribution
Percent of People with Each Score
Percentile by Number Answered
Your Score History
You have not taken this quiz